Effect of Span 20 Concentration on Oxalic Acid Production from Post-Refining Fatty Acids by Aspergillus niger XP

Podrobná bibliografia
Hlavní autori: Witkowska, D. (Autor), Musial, I. (Autor), Rymowicz, W. (Autor)
Médium: Článok
Jazyk:angličtina

MARC

LEADER 00000nab a2200000uu 4500
001 vtls010878533
003 SK-MaSNL
005 20260303163408.0
008 230303|2006 xo |||||||||||||||||eng|
015 |a SNBRB 
035 |a (urnnbn)urn:nbn:sk:snk:ar-005va1 
035 |a (uuid)6ab940c0-d39b-4328-af63-e271dfdf0b0c 
035 |a urn:nbn:sk:snk-ab7mp7 
040 |a SNKBUCL  |b slo  |c SNKBUCL  |e AACR2 
041 0 |a eng 
044 |a xo  |c SK 
100 1 |a Witkowska, D.  |4 aut  |9 1187838 
245 1 0 |a Effect of Span 20 Concentration on Oxalic Acid Production from Post-Refining Fatty Acids by Aspergillus niger XP  |c D. Witkowska, I. Musial, W. Rymowicz 
700 1 |a Musial, I.  |4 aut  |9 1187839 
700 1 |a Rymowicz, W.  |4 aut  |9 1187840 
773 0 |t Chemical papers  |g Roč. 60, č. 5 (2006), s. 388-390 
958 |a OND 
958 |a EUIPO 
958 |a article8 
999 |c 2059795  |d 2061725